| 000 | 00355nam a22001217a 4500 | ||
|---|---|---|---|
| 020 | _a978019475768 | ||
| 082 |
_222 _a372.4 |
||
| 100 | _aPhilpot, Sarah and Curnick, Lesley. | ||
| 245 | _aNew headway academic skills level 3 students book / | ||
| 260 |
_aNew York, _bOxford University Press, _cc2007. |
||
| 300 |
_a94p. ; _bill. ; _c27 cm. |
||
| 942 |
_2ddc _cGEN _01 |
||
| 999 |
_c2560 _d2560 |
||